| 000 | 00431pab a2200157 454500 | ||
|---|---|---|---|
| 008 | 180718b xxu||||| |||| 00| 0 eng d | ||
| 100 | _aPalani Mathu V. | ||
| 245 | _aAn economical water-closet for rural sanitation | ||
| 362 | _a11(4) Jul 92, p.491-99 | ||
| 650 | _a Rural Sanitation | ||
| 650 | _a Rural Health | ||
| 650 | _a Sanitation | ||
| 650 | _aRural Development | ||
| 773 | _aJournal of Rural Development | ||
| 909 | _a25167 | ||
| 999 |
_c25167 _d25167 |
||